Statistics for FC Barcelona/Real Madrid best players

Click here to take the quiz!

General Stats

  • This quiz has been taken 229 times
  • The average score is 8 of 11

Answer Stats

TeamPlayer% Correct
Fc BarcelonaMessi
100%
Real MadridRonaldo
99%
Fc BarcelonaIniesta
89%
Fc BarcelonaSuarez
86%
Fc BarcelonaNeymar
83%
Real MadridBale
81%
Real MadridBenzema
81%
Real MadridModric
74%
Real Madridkroos
63%
Fc BarcelonaRakitic
61%
Fc BarcelonaBravo
16%

Score Distribution

Percentile by Number Answered

Percent of People with Each Score

Your Score History

You have not taken this quiz